00764cas a2200205 a 4500022001400000040000800014082002600022245002000048246003100068260007200099300002700171500003200198500007200230500005500302650002000357650002000377710004800397710005600445710005700501 a0014-8059 cCOO a630 FAR 2007 C163 Or.00aFarm management1 aJournal of farm management aKenilworth, Warwickshire, Eng. :bFarm Management Associationc2007 av. :bill. ;c22-25 cm aPlace of publication varies aDescription based on: Vol. 2, no. 2 (spring 1972); title from cover aLatest issue consulted: Vol. 12, no. 1 (July 2004) 0aFarm management 0aFarm management2 aFarm Management Association (Great Britain)2 aCentre of Management in Agriculture (Great Britain)2 aInstitute of Agricultural Management (Great Britain)